| 000 | 00563nam a2200217 a 4500 | ||
|---|---|---|---|
| 001 | BRCA_6786 | ||
| 005 | 20190320205605.0 | ||
| 008 | 311011s1908----gw-#######---#000-0#ger-# | ||
| 041 | _ager | ||
| 044 | _agw | ||
| 050 | 4 |
_aPT2647 _b.A92 C3 _c1908 |
|
| 245 | 1 | 0 |
_aCaspar Hauser _cJakob Wassermann |
| 260 |
_aBerlin _bS. Fischer _c1912 |
||
| 300 |
_a558 p. _c19 cm. |
||
| 500 | _aEdición con cantos dorados | ||
| 500 | _aI143 | ||
| 650 | 1 | 4 |
_aHauser, Kaspar _xNovela _y1812-1833 _916925 |
| 650 | 1 | 4 |
_aLiteratura austriaca _915490 |
| 902 | _aGFM | ||
| 942 |
_2lcc _cB |
||
| 999 |
_c6469 _d6469 |
||